| 000 | 00510nam a22001457a 4500 | ||
|---|---|---|---|
| 020 | _a81-304-0538-5 | ||
| 082 |
_a080 _bKAU/I |
||
| 100 | _aKAUL, TARUN | ||
| 245 | _aINFORMATIVE GROUP DISCUSSIONS | ||
| 260 |
_aDELHI _bTINY TOT PUBLICATIONS _c2006 |
||
| 300 | _a160 | ||
| 520 | _aIN THIS BOOK, AN ATTEMPT HAS BEEN MADE TO JOT DOWN ALL THE INFORMATION RELATED TO GROUP DISCUSSIONS, WHAT SHOULD GO IN FROM THE PARTICIPANTS SIDE TO CARY ON A HEALTHY GROUP DISCUSSION. | ||
| 650 |
_aEDUCATIONAL _zINDIA |
||
| 942 | _cBK | ||
| 999 |
_c5439 _d5439 |
||